000 00376pab a2200133 454500
008 180718b xxu||||| |||| 00| 0 eng d
100 _aShrestha, Shiva chandra
245 _aRoles & responsibilities between financial managers and executive managers
650 _a Managers
650 _a Administration
650 _aExecutives - Nepal
773 _aPrashashan
909 _a21924
999 _c21924
_d21924